| 000 | 00354nam a2200133Ia 4500 | ||
|---|---|---|---|
| 008 | 090124s9999 xx 000 0 und d | ||
| 082 | _b37282 | ||
| 245 | _aTHE POLITICAL PHILOSOPHERS | ||
| 250 | _a0 | ||
| 260 | _bSAXE COMMINS AND ROBERT N. CINSCTT | ||
| 630 | _aTHE POLITICAL PHILOSOPHERS | ||
| 730 | _aTHE POLITICAL PHILOSOPHERS | ||
| 942 | _cBOOK | ||
| 999 |
_c103290 _d103290 |
||